Normal view
MARC view
- Padishalwar Sneha
Entry Personal Name
001 - CONTROL NUMBER
- control field: 183190
003 - CONTROL NUMBER IDENTIFIER
- control field: OSt
005 - DATE AND TIME OF LATEST TRANSACTION
- control field: 20230605085028.0
008 - FIXED-LENGTH DATA ELEMENTS
- fixed length control field: 230605|| aca||aabn | a|a d
040 ## - CATALOGING SOURCE
- Original cataloging agency: OSt
- Transcribing agency: OSt
100 ## - HEADING--PERSONAL NAME
- Personal name: Padishalwar Sneha
670 ## - SOURCE DATA FOUND
- Source citation: Work cat.: (OSt)161255: Padishalwar Sneha, Analysis Of Demolition waste And Its Impact On Environment : A Case Of Pune, 2017